learning to classify text using support vector machines

Αποθηκεύτηκε σε:
Λεπτομέρειες βιβλιογραφικής εγγραφής
Κύριος συγγραφέας: Joachims, Thorsten
Μορφή: Βιβλίο
Γλώσσα:English
Δημοσίευση: Boston : Kluwer Academic Publishers, c2002
Σειρά:Kluwer international series in engineering and computer science ; ; 668
Θέματα:
Ετικέτες: Προσθήκη ετικέτας
Δεν υπάρχουν, Καταχωρήστε ετικέτα πρώτοι!

MARC

LEADER 00000nam a2200000 i 4500
001 1/62267
008 071107s2002 eng d
020 |a 0-7923-7679-X 
035 |l 10092159 
040 |a GR-MY-UA  |b gre  |e aacr 
041 0 |a eng 
082 0 |a 005  |2 (22) 
100 1 |a Joachims, Thorsten. 
245 1 0 |a learning to classify text using support vector machines /  |c by Thorsten Joachims 
260 |a Boston :   |b Kluwer Academic Publishers,   |c c2002 
300 |a xvi, 205 σ.;  |b εικ.;  |c 25 εκ. 
490 1 |a Kluwer international series in engineering and computer science  |v ; 668 
504 |a περιέχει βιβλιογραφικές αναφορές (σ.[181]-196) και ευρετήριο. 
650 0 0 |a Text processing (Computer science) 
650 0 0 |a Machine learning. 
830 0 |a Kluwer international series in engineering and computer science ;  |v ; 668 
852 |a INST  |b CHIOS  |e 20080314  |h 005 JOA  |p 005200027933  |q 005200027933  |t BK  |y 0 
852 |a INST  |b SAMOS  |e 20071107  |h 005 JOA  |p 005300027817  |q 005300027817  |t BK  |y 0 
901 |a BIBL3-2007-3 
901 |a BIBL2-2008-1 
909 |a Σ  |b 140019 
909 |a Χ  |b 143567 
922 |a 3ΕΛΗ  |b 200710  |c ΕΠΕΑΕΚ2/ΤΜΠΕΣ  |d ΠΑΠΑΣΩΤΗΡΙΟΥ 
922 |a 2ΕΛΗ  |b 200712  |c ΕΠΕΑΕΚ2/ΤΜΟΔ  |d ΕΛΕΥΘΕΡΟΥΔΑΚΗΣ 
970 |a ΓΟΥΒΑΛΑ  |b ΒΑΣΩ  |z 2007/11/07